Statistics for UFC TITLE FIGHTS QUIZ #1

Click here to take the quiz!

General Stats

  • This quiz has been taken 67 times
  • The average score is 14 of 20

Answer Stats

HintAnswer% Correct
2019 MW (-165)Israel Adesanya
93%
2020 LHW (-405)Jon Jones
91%
2023 BW (+115)Aljamain Sterling
86%
2017 BW (+175)T.J. Dillashaw
83%
2018 WW (+110)Tyron Woodley
79%
2017 BW (-189)Cody Garbrandt
78%
2023 LHW (+125)Glover Teixeira
76%
2023 LHW (-125)Jamahal Hill
76%
2015 LHW (-104)Daniel Cormier
74%
2023 BW (-100)Henry Cejudo
74%
2020 LW (+177)Justin Gaethje
74%
2020 LHW (+375)Dominick Reyes
69%
2015 LHW (-104)Anthony Johnson
62%
2018 MW (+167)Yoel Romero
62%
2020 LW (-189)Tony Ferguson
59%
2019 MW (+165)Kelvin Gastelum
57%
2014 BW (-333)Renan Barao
57%
2018 MW (-150)Luke Rockhold
50%
2018 WW (-105)Darren Till
48%
2014 BW (+305)Urijah Faber
36%

Score Distribution

Percentile by Number Answered

Percent of People with Each Score

Your Score History

You have not taken this quiz